| 000 | 00615nam a2200169Ia 4500 | ||
|---|---|---|---|
| 003 | LK-CoDNM | ||
| 008 | 140723t142 xxu||||| |||| 00| 1 sin d | ||
| 020 |
_a _a9789557081021 |
||
| 040 |
_aLK-CoDNM _dLK-CoDNM _eLK-CoDNM |
||
| 041 | _asin | ||
| 080 |
_a294.3 _bKOW |
||
| 100 |
_aකෝවිද හිමි, බොරැල්ලේ _vKowida Himi,Borelle |
||
| 245 | _aකෝවිද හිමිගේ ගුරුදා ගුවන් විදුලි ධර්ම දේෂණය | ||
| 246 | _aKowida Himige Guruda Guwan Widuli Darma Deshana | ||
| 260 |
_bSamayawardana Publisher _aColombo _c142 |
||
| 942 | _cBK | ||
| 999 |
_c80166 _d80166 |
||